00458nam a2200121Ia 4500008004100000245012600041260002400167260000900191300000800200650002300208650001200231856009300243170516s9999 xx 000 0 und d aAutomatic MRI segmentation of para-pharyngeal fat pads using interactive visual feature space analysis for classification bBMC Medical Imaging c2017 a17: xMedical Technology xMedtech uhttp://bmcmedimaging.biomedcentral.com/articles?query=&volume=17&searchType=&tab=keyword